Normal view
MARC view
- Sakaue, Katsuhiko
Entry Personal Name
001 - CONTROL NUMBER
- control field: 96534
003 - CONTROL NUMBER IDENTIFIER
- control field: NUST
005 - DATE AND TIME OF LATEST TRANSACTION
- control field: 20220804132635.0
008 - FIXED-LENGTH DATA ELEMENTS
- fixed length control field: 220804|| aca||aabn | a|a d
040 ## - CATALOGING SOURCE
- Original cataloging agency: NUST
- Transcribing agency: NUST
100 ## - HEADING--PERSONAL NAME
- Personal name: Sakaue, Katsuhiko
670 ## - SOURCE DATA FOUND
- Source citation: Work cat.: (NUST)193470: Kiyoharu Aizawa, Katsuhiko Sakaue, Yasuhito Suenaga 96532, Image processing technologies :, cop. 2004
